| 000 | 01483cam a2200385 i 4500 | ||
|---|---|---|---|
| 999 |
_c29123 _d29094 |
||
| 001 | 19220802 | ||
| 003 | EG-ScBUE | ||
| 005 | 20210519120746.0 | ||
| 008 | 160808t2017 mauab f b 001 0 eng d | ||
| 020 | _a9780262533904 (paperback : alk. paper) | ||
| 040 |
_aIEN/DLC _beng _erda _cIEN _dDLC _dEG-ScBUE |
||
| 043 | _af------ | ||
| 082 | 0 | 4 |
_a338.064096 _bWHA _222 |
| 245 | 0 | 0 |
_aWhat do science, technology, and innovation mean from Africa? / _cedited by Clapperton Chakanetsa Mavhunga. |
| 264 | 1 |
_aCambridge, MA : _bThe MIT Press, _c[2017] |
|
| 264 | 4 | _cc2017 | |
| 300 |
_axiv, 241 pages : _billustrations, maps ; _c23 cm |
||
| 336 |
_atext _2rdacontent _btxt |
||
| 337 |
_aunmediated _2rdamedia _bn |
||
| 338 |
_avolume _2rdacarrier _bnc |
||
| 504 | _aIncludes bibliographical references and index. | ||
| 650 | 7 |
_aTechnology _xSocial aspects _zAfrica. _2BUEsh |
|
| 650 | 7 |
_aScience _xSocial aspects _zAfrica. _2BUEsh |
|
| 650 | 7 |
_aTechnological innovations _xSocial aspects _zAfrica. _2BUEsh |
|
| 650 | 7 |
_aCreative ability in technology _zAfrica. _2BUEsh |
|
| 650 | 7 |
_aIndustrial policy _zAfrica. _2BUEsh |
|
| 651 | 7 |
_aAfrica _xSocial life and customs. _2BUEsh |
|
| 653 |
_bBUSECO _cMay2021 |
||
| 655 |
_vReading book _934232 |
||
| 700 | 1 |
_aMavhunga, Clapperton Chakanetsa, _d1972- _eeditor, _eauthor. |
|
| 906 |
_a7 _bcbc _corignew _d1 _eecip _f20 _gy-gencatlg |
||
| 942 |
_2ddc _cBB |
||